zpět

Detail výsledku týmu

Obecní dům Veleň, Veleň

Datum a čas kvízu

21 Celkem bodů Celkový počet nahraných bodů na tomto kvízu bez doplňovacích otázek.
6. Pořadí na kvízu Konečné umístění týmu na tomto kvízu.

Zaznamenané odpovědi

# Otázka Odpověď Body Výsledky
1. Lele Ceterové, partnerce bojov... Rocky 1
2. Které oblečení zakázal severok... A 1
3. Dva britští zpěváci společně n... Ed Sheeran, Elton John 1
4. Životní úroveň v Česku se loni... Lucembursko 0
5. Minulý týden se v Paříži udělo... posedmé 0
6. Po slavných psech a koních při... Francie 0
7. Kocoura na obrázku můžeme znát... Sylvester 0
8. Ve Spojeném království jsou ko... myšilov 0
9. Neopomeneme ani slavné literár... Šklíba 1
10. Téma slavných koček zakončíme... Bastet (též Baset, Baast, Ubaste) 0